Hikikomori, ces adolescents en retrait (notice n° 2198455)

détails MARC
000 -LEADER
fixed length control field 01780cam a2200181 4500500
005 - DATE AND TIME OF LATEST TRANSACTION
control field 20260405085542.0
041 ## - LANGUAGE CODE
Language code of text/sound track or separate title fre
042 ## - AUTHENTICATION CODE
Authentication code dc
100 10 - MAIN ENTRY--PERSONAL NAME
Personal name Fansten, Maïa
Relator term author
245 00 - TITLE STATEMENT
Title Hikikomori, ces adolescents en retrait
260 ## - PUBLICATION, DISTRIBUTION, ETC.
Name of publisher, distributor, etc. Armand Colin,<br/>
Date of publication, distribution, etc. 2014.<br/>
520 ## - SUMMARY, ETC.
Summary, etc. Retrait social, réclusion à domicile, décrochage, claustration, enfermement, sont autant de formes d’un phénomène nommé « hikikomori » au Japon où il est apparu. Ce trouble de conduite consiste pour des adolescents ou des jeunes adultes à se retirer, le plus souvent dans leur chambre, pendant plusieurs mois ou plusieurs années. Ils s’exilent dans un espace solitaire et ne répondent plus aux attentes sociales, familiales, amicales, arrêtant leurs études, rompant leurs liens, suspendant leurs activités. Ils laissent perplexes leurs proches autant que les acteurs éducatifs et médico-psychologiques.Comment comprendre ces ermites modernes, leurs conduites, les causes et les conséquences de leur retrait ? Comment ce retrait est-il vécu par eux-mêmes et par leurs familles ? Comment prendre en charge la détresse qu’il manifeste ?Autant de questions qui tissent cet ouvrage sur le retrait des jeunes, à partir de réflexions de sociologues, anthropologues, psychiatres, psychologues et psychanalystes français et japonais qui ont travaillé ensemble pour repérer, décrire, comprendre et prendre en charge ce phénomène émergent dans nos sociétés.
700 10 - ADDED ENTRY--PERSONAL NAME
Personal name Figueiredo, Cristina
Relator term author
700 10 - ADDED ENTRY--PERSONAL NAME
Personal name Figueiredo, Cristina
Relator term author
700 10 - ADDED ENTRY--PERSONAL NAME
Personal name Pionnié-Dax, Nancy
Relator term author
700 10 - ADDED ENTRY--PERSONAL NAME
Personal name Vellut, Natacha
Relator term author
856 41 - ELECTRONIC LOCATION AND ACCESS
Uniform Resource Identifier <a href="https://shs.cairn.info/hikikomori-ces-adolescents-en-retrait--9782200291662?lang=fr&redirect-ssocas=7080">https://shs.cairn.info/hikikomori-ces-adolescents-en-retrait--9782200291662?lang=fr&redirect-ssocas=7080</a>

Pas d'exemplaire disponible.

PLUDOC

PLUDOC est la plateforme unique et centralisée de gestion des bibliothèques physiques et numériques de Guinée administré par le CEDUST. Elle est la plus grande base de données de ressources documentaires pour les Étudiants, Enseignants chercheurs et Chercheurs de Guinée.

Adresse

627 919 101/664 919 101

25 boulevard du commerce
Kaloum, Conakry, Guinée

Réseaux sociaux

Powered by Netsen Group @ 2025